000 00699nam a22001937a 4500
005 20140303111233.0
008 140303b c abdogr|||| 00| 0 spa d
020 _a9789589457672
041 _aspa
044 _ack
082 _a576.098
_bA16e
110 2 _aAsociación Colombiana para el Avance de la Ciencia
_913279
245 _aEvolución
_bHistoria de la Vida
_cAsociación Colombiana para el Avance de la Ciencia
260 _aBogotá
_bAsociación Colombiana para el Avance de la Ciencia
_c[?]
300 _a175 p.
_bil., fot., mapas, tablas
_c23 cm
504 _aIncluye bibliografía despues de cada capitulo
650 4 _aEvolución
_xFauna y Flora
_zColombia
_913280
942 _2ddc
_cImpreso
999 _c8194
_d8194